000 00582nam a2200205 i 4500
001 101822
003 ES-MaACL
005 20230906183004.0
007 t|
008 051026s1916 it ||||1| ita d
100 1 _aMelis-Marini, Felice.
_979979
245 1 2 _aL'acquaforte
_b: manuale pratico /
_cFelice Melis-Marini.
260 _aMilano :
_b[s.n.],
_c1916 (
_fUmberto Allegretti)
300 _a170 p. ;
_c15 cm.
490 1 _aManueli Hoepli
650 4 _aAguafuerte.
_9159672
830 0 _aManueli Hoepli
_9184615
852 _aES-MaACL
_jD-2974
999 _c101822
_d101822